Le comparatif des adjectifs en latin - Statistiques

Statistiques générales
  • Ce quiz a été pris 5 fois
  • Le résultat moyen est 23 sur 30
Statistiques - réponses
Hint Réponse % Correct
N doctior
100%
bonus, -a, -um (bon) melior, -ior, -ius
100%
V doctior
75%
doctiora
75%
doctiora
75%
doctiora
75%
Abl doctiore
75%
doctiore
75%
Acc doctiorem
75%
doctiores
75%
doctiores
75%
doctiores
75%
D doctiori
75%
doctiori
75%
doctioribus
75%
doctioribus
75%
doctioribus
75%
doctioribus
75%
G doctioris
75%
doctioris
75%
doctiorum
75%
doctiorum
75%
doctius
75%
doctius
75%
doctius
75%
magnus, -a, -um (grand) major, -jor, -jus
75%
malus, -a, -um (mauvais / méchant) pejor, -jor, -jus
75%
multi, -ae, -a (nombreux) plures, -es, -a
75%
propinquus, -a, -um (proche) propior, -ior, -ius
75%
parvus, -a, -um (petit) minor, -nor, -nus
50%
Aucun quiz correspondant
Distribution des résultats
% des personnes avec chaque résultat
Percentile par nombre de réponses
Votre historique - résultats
Vous n’avez pas pris ce quiz